MDQL
is popping MORE tags! Check the
thread
!
Quizzes
Events
Quiz Creation
Community
Videos
Private Events
Remove Ads
Sign In
Join for FREE
Feedback
Dark Mode
Quiz Categories
Sports
Geography
Music
Movies
Television
Just For Fun
Miscellaneous
History
Literature
Language
Science
Gaming
Entertainment
Religion
Holiday
For Kids
Quiz Lab
Recent
Popular Today
Quiz Kudos Today
Editor Picks
Curator Picks
Quizzes by...
Day
Popularity
Type
Ratings
Length
Year
Community
Subscriptions
Recent Discussions
Orange Saloon
Badges
Playlists
Quests
Create
Leaderboards
Showdown
Live 5
Trivia Bingo
Activity
Puzzle Library
Sporcle Events
Private Events
Virtual Trivia
Globe League
Become a Host
Pub Owners
SporcleCon
Opinionation
Our Games
Videos
Blog
Mobile Apps
Partnerships
Remove Ads and Go Orange
Feedback
Just For Fun
Clickable
Get the Picture
Humor
Quick Pick
Word Ladder
Missing Word
Mixed Word
Blitz
Minefield
This or That
Alphabet
Color
Typing
Sporcle
Puzzle
Word Play
Follow That Line
Logic
Just For Fun
Clickable
Get the Picture
Humor
Quick Pick
Word Ladder
Missing Word
Mixed Word
Blitz
Minefield
This or That
Alphabet
Color
Typing
Sporcle
Puzzle
Word Play
Follow That Line
Logic
Random Quiz
Search Sporcle
×
Quiz Lab
Quiz Lab
Just For Fun
grad
Type in answers that appear in a list
Type in answers that appear in a list
Classic
Best Score? Go Orange.
USDS Bayview Grads 2004 Stats
Can you name the USDS Bayview Grads 2004?
By
zpotashner
8m
52 Questions
101 Plays
101 Plays
101 Plays
Comments
Comments
Give Quiz Kudos
Give Quiz Kudos
-
- Ratings
hide this ad
Replay
Link that replays current quiz
Next Quiz
Link to next quiz in quiz playlist
You Got
0%
They Got
Avg Score
29%
Avg Friend Score
Upgrade to see
Score Distribution
Jump to the score distribution portion of the page
Score
0/52
Timer
08:00
0
Plays Today
% Correct
Zach Potashner
71.3%
Michael Garbuz
63.4%
Michael Sherman
63.4%
Eric Sherman
57.4%
Daniel Ozier
55.4%
Josh Shneer
54.5%
Matthew Sherman
51.5%
Eric Richmond
47.5%
Josh Hochman
45.5%
Aviva Sokolsky
40.6%
Lauren Kleiner
38.6%
Jared Ostroff
38.6%
Josh Schonblum
38.6%
Carmel Bachar
37.6%
Spencer Hoffman
37.6%
Trevor Kirsh
37.6%
Matthew Prager
37.6%
Moriya Bachar
35.6%
Emily Hoffman
34.7%
Jared Rakoff
30.7%
Jess Bronstein
27.7%
Josh Harris
26.7%
Ali Geller
25.7%
Danielle Macmull
24.8%
Shay Rosen
24.8%
Ali Grundman
23.8%
% Correct
Kevin Pivovarov
23.8%
Neil Rosen
23.8%
Elyse Kornhauser
22.8%
Yael Pullan
21.8%
Jordana Riesel
21.8%
Allie Wise
21.8%
Charlie Moscoe
20.8%
Shael Soberano
20.8%
Brittany Attar
19.8%
Marc Goldgrub
19.8%
Jacob Martin
19.8%
Mitchell Rattner
19.8%
Oren Zarnett
19.8%
Zach Steinhart
18.8%
Dennis Chippin
17.8%
Ryan Plener
17.8%
Brian Waller
17.8%
Jessie Lax-Vanek
16.8%
Mayan Murray
16.8%
Hilary Roth
16.8%
Jordan Bean
15.8%
Esther Geller
15.8%
Garrett Gottleib
15.8%
Talya Frankel
14.9%
Paula Libfield
12.9%
Daniel Mager
11.9%
Quiz Playlist
Details
Report
Send in Message
Add To Playlist
Classic:
Type in answers that appear in a list
Last Updated: Feb 16, 2017
Quiz Scoreboard
CHALLENGE
Sign Up to Join the Scoreboard
Show All
Scores
Hide
Comments
May contain spoilers
Recently Published
Two Season TV Shows II
by 123Four
Television
10m
Image Sorting: Flags VI
by Barbecue
Geography
2m
Find the 'City' Movie
by crazypaving
Movies
60s
More to Explore
Quiz From the Vault
Featured Blog Post
14 Easter Pick-up Lines to Find Eggs With
hide this ad
You Might Also Like...
Tags
2004
grad
USD
Today's Top Quizzes in Just For Fun
Browse Just For Fun
hide this ad
Top Contributed Quizzes in Just For Fun
1
Name Just One - 10 to 1: Just For Fun
2
Missing Word: 2-Letter A-Z II
3
Avatar the Last Airbender: Logic Puzzle
4
Missing Letter Whitney Houston Songs
5
Missing Word: 'Of' Things A-Z
6
It's Magic / Witchcraft 🎩🪄🧙♀️
7
Survivor Winners Logic Puzzle
8
Eurovision 2024 Countries Logic Puzzle
9
Killer Double Trees 224 - Colour Match-Up
10
Click the Differences: Playground
Explore More
Trending Topics
Anime
NBA
Harry Potter
Disney
Marvel
Kpop
Crossword
NFL
Pokémon
The Office
Puzzle
Soccer
Song
Country
WWE
hide this ad
More By:
zpotashner
Quiz
Plays
Rating
Category
Featured
Created
USDS Bayview Grads 2004
101
5.00
Just For Fun
May 3, 2010
Go to Creator's Profile
Score Distribution
Quiz Creator Spotlight
zpotashner
Follow
Send a Message
Quizzes Created
-
Created Quiz Play Count
-
More By This Creator
Popular Quizzes Today
1
Find the US States - No Outlines Minefield
2
Colored Red Africa Blitz
3
Find the 'City' Movie
4
5x2 Blitz: Bands
5
The Countries of the World
6
Find the Countries of Europe - No Outlines Minefield
7
Find the US States
8
US States
More Just For Fun Quizzes
Quick Pick: 'B' Word Children's Books
Published
Trending Quizzes
Colored Red Europe Blitz I
Colored Red Africa Blitz II
Colored Red Europe Blitz II
Colored Red Africa Blitz III
Colored Red Europe Blitz III
Recently Updated
How Do You Spell That?
pecheneg
Godzilla Movies
pecheneg
Grab Bag: 4-10 Letters
pecheneg
2024 March Madness Bracket
pecheneg
Famous TV Couples
Peacemaker
Champions League XIs: Real Madrid
pecheneg
Largest US Cities 1790-2010
pecheneg
Rides in Walt Disney World
pecheneg
Most Oscar Losses (Acting)
pecheneg
Beyoncé Albums
pecheneg
Trending Topics
NBA
Disney
Marvel
Anime
Crossword
Harry Potter
Kpop
Song
Pokémon
Soccer
The Office
Puzzle
Country
NFL
WWE
Your Account Isn't Verified!
In order to create a playlist on Sporcle, you need to verify the email address you used during registration. Go to your
Sporcle Settings
to finish the process.
Report this User
Report this user for behavior that violates our
Community Guidelines
.
Details:
Send Report
Go to the Sporcle.com Mobile Site →
Comments